01099nam a22002411i 450000500170000000800410001702000390005804000250009708200190012210000250014124501060016626400360027230001010030833600210040933700250043033800230045552002040047860000160068265000550069865000380075370000330079170000330082420210210095744.0210210t2019 enkfa||g ||| 000 0aeng d a9781911613565cRM 70.64qpaperback aPPAKbengcPPAKerda04223a796.3340921 aMata, Juan,eauthor.10aJUAN MATA :bSUDDENLY A FOOTBALLER /cJUAN MATA ; Written with Begoña Pérez and Philippe Auclair. 1aLondon : bReach Sport, c2019. a311 pages, 24 unnumbered pages of plates :billustrations (black and white, and colour) ;c24 cm 2rdacontentatext 2rdamediaaunmediated 2rdacarrieravolume aOne of the finest players in the Premier League, Juan Mata tells the inside story of life at Manchester United, as well as reliving his childhood and recalling his glory years with Chelsea and Spain.10aMata, Juan. 0aSoccer players zEngland zManchester vBiography. 0aSoccer playerszSpainvBiography.10aPérez, Begoña, eauthor.10aAuclair, Philippe, eauthor.